Statistiques concernant Club Francais avec le plus grand palmares

Cliquez ici pour prendre le quiz!

Statistiques générales

  • Ce quiz a été pris 153 fois
  • Le résultat moyen est 16 sur 20

Statistiques - réponses

TrophéesEquipe% Correct
26Marseille
100%
46Paris SG
100%
11Lille
98%
21Lyon
98%
22Saint etienne
98%
16Bordeaux
95%
18Monaco
92%
8Nice
92%
15Nantes
90%
7Strasbourg
89%
2Lens
88%
3Montpellier
79%
12Reims
76%
3Metz
75%
4Stade Rennais
71%
5Auxerre
68%
5Sochaux
52%
2Guingamp
49%
5Red Star
32%
4Sete
29%

Distribution des résultats

Percentile par nombre de réponses

% des personnes avec chaque résultat

Votre développement - résultats

Vous n’avez pas pris ce quiz